00592nam a2200169Ia 4500003000900000008004100009020001800050040001600068080001500084100002000099245018300119260003200302300001300334650001400347650002500361650003600386IN-BaIIA211028s9999 xx 000 0 eng d a0-7382-0693-8 cIIA Library a92:53bGRE aGreenspan, N. T 4aThe end of the certain worldbthe life and science of Max Born the nobel physicist who ignited the quantum revolutioncN. T Greenspan  aNew YorkbBasic Booksc2005 ax, 374p. aBiography aBorn, Max, 1882-1970 aPhysicsts - Germany - Biography